| 000 | 01522nam a2200445 a 4500 | ||
|---|---|---|---|
| 003 | AR-BaBNM | ||
| 005 | 20251128202916.0 | ||
| 008 | 082120s2002 ||||||||||||||000 | spa|| | ||
| 040 | _cAR-BaBNM | ||
| 245 | 0 | 0 |
_aVida, obra y trascendencia de Sebastián Marotta _bjuicios, semblanzas y anecdotario de un precursor del sindicalismo |
| 260 |
_aBuenos Aires _bCalomino _c1971 |
||
| 300 |
_a218 p. _bláms. |
||
| 490 | 0 |
_aEl movimiento sindical argentino _vv. 4 |
|
| 650 | 4 | _aHISTORIA ARGENTINA | |
| 650 | 4 | _aBIOGRAFIAS | |
| 650 | 4 | _aPOLITICA | |
| 650 | 4 | _aHISTORIA SINDICAL | |
| 650 | 4 | _aSINDICATOS | |
| 650 | 4 | _aMOVIMIENTO OBRERO | |
| 655 | _aBIOGRAFIAS | ||
| 700 | 1 |
_aAbad de Santillán, Diego _ecolaborador |
|
| 700 | 1 |
_aBartolo, Luis R. _ecolaborador |
|
| 700 | 1 |
_aBelnicoff, Manuel _ecolaborador |
|
| 700 | 1 |
_aCabona, Andrés _ecolaborador |
|
| 700 | 1 |
_aCarril, Arturo _ecolaborador |
|
| 700 | 1 |
_aDanussi, Luis _ecolaborador |
|
| 700 | 1 |
_aFernández, Manuel F. _ecolaborador |
|
| 700 | 1 |
_aGhioldi, Américo _ecolaborador |
|
| 700 | 1 |
_aGregorio, Cándido _ecolaborador |
|
| 700 | 1 |
_aLópez, Alfonso A. _ecolaborador |
|
| 700 | 1 |
_aMedina Onrubia de Botana, Salvadora _ecolaborador |
|
| 700 | 1 |
_aNegri, José _ecolaborador |
|
| 700 | 1 |
_aPiccinali, Carlos A.R. _ecolaborador |
|
| 700 | 1 |
_aRodríguez, Luis María _ecolaborador |
|
| 700 | 1 |
_aScarano, Genaro _ecolaborador |
|
| 700 | 1 |
_aTroise, Emilio _ecolaborador |
|
| 700 | 1 |
_aZugasti, Bernardo F. _ecolaborador |
|
| 942 | _cBK | ||
| 998 | _cEnrique | ||
| 999 |
_c1149 _d1149 |
||